[Event "Bayerische Einzelmeisterschaft 2011"]
[Site "Regensburg"]
[Date "2011.08.27"]
[Round "8.9"]
[White "Niemetz, Alexander"]
[Black "Schatz, Christian"]
[Result "0-1"]
[WhiteElo "2013"]
[BlackElo "2204"]
[PlyCount "56"]
[EventDate "2011.??.??"]
[WhiteTeam "SC Hollfeld 1960 e.V."]
[BlackTeam "SK Schwanstetten 79 e.V."]

1. d4 g6 2. c4 Bg7 3. Nc3 d6 4. e4 Nf6 5. Nf3 O-O 6. Be2 Nbd7 7. O-O e5 8. Be3
h6 9. dxe5 dxe5 10. Nd2 c6 11. b4 Qe7 12. Rb1 Rd8 13. Qc2 Nf8 14. f3 Ne6 15. a3
Nh5 16. g3 Nd4 17. Qb2 Bh3 18. Rf2 f5 19. Nf1 f4 20. Bd2 Bxf1 21. Bxf1 fxg3 22.
hxg3 Nxg3 23. Bg2 Nh5 24. Qc1 Kh7 25. Nd1 Rf8 26. b5 Nf4 27. Bxf4 Rxf4 28. Ne3
Raf8 0-1

[Event "Bayerische Einzelmeisterschaft 2011"]
[Site "Regensburg"]
[Date "2011.08.27"]
[Round "8.10"]
[White "Shashkin, Igor"]
[Black "Schindler, Viktor"]
[Result "1-0"]
[WhiteElo "2099"]
[BlackElo "2168"]
[PlyCount "75"]
[EventDate "2011.??.??"]
[WhiteTeam "PTSV SK Hof 1892"]
[BlackTeam "PTSV SK Hof 1892"]

1. d4 Nf6 2. Nf3 c5 3. c3 b6 4. Bg5 Bb7 5. Nbd2 e6 6. e3 Be7 7. Bd3 Nc6 8. O-O
O-O 9. Rc1 d6 10. h3 cxd4 11. exd4 Nd5 12. Be3 f5 13. Nc4 b5 14. Na3 a6 15. c4
Nxe3 16. fxe3 b4 17. Nc2 e5 18. e4 f4 19. d5 Qb6+ 20. c5 Qxc5+ 21. Ncd4 Nxd4
22. Rxc5 Nxf3+ 23. Rxf3 dxc5 24. d6 Bf6 25. Bc4+ Kh8 26. Bd5 Bxd5 27. Qxd5 a5
28. d7 g5 29. g4 h5 30. Qxc5 hxg4 31. hxg4 Kg7 32. Rd3 Rh8 33. Rd6 Rad8 34. Qb6
Rb8 35. Qc6 Rhf8 36. Rxf6 Rxf6 37. d8=Q Rxc6 38. Qd7+ 1-0

[Event "Bayerische Einzelmeisterschaft 2011"]
[Site "Regensburg"]
[Date "2011.08.27"]
[Round "8.11"]
[White "Hornung, Hans"]
[Black "Krauß, Josef"]
[Result "0-1"]
[WhiteElo "2158"]
[BlackElo "2160"]
[PlyCount "76"]
[EventDate "2011.??.??"]
[WhiteTeam "SK Klosterlechfeld"]
[BlackTeam "SV Würzburg von 1865 e.V."]

1. Nf3 d5 2. c4 c6 3. e3 Nf6 4. Nc3 a6 5. d4 b5 6. c5 Bg4 7. b4 a5 8. bxa5 Qxa5
9. Bd2 b4 10. Ne2 Ne4 11. Nc1 e5 12. Nb3 Qa4 13. Be2 Nd7 14. O-O Be7 15. dxe5
Bxf3 16. Bxf3 Nxd2 17. Qxd2 Nxe5 18. Be2 O-O 19. Rfc1 Bf6 20. Nd4 Rfb8 21. Bd1
Qa6 22. Bb3 Nc4 23. Qc2 Na3 24. Qd1 Bxd4 25. Qxd4 Qa5 26. e4 Nb5 27. Qd3 dxe4
28. Qxe4 Nc3 29. Qf3 Qxc5 30. Qxf7+ Kh8 31. Qc4 Qxc4 32. Bxc4 Rd8 33. a3 Rxa3
34. Rxa3 bxa3 35. Rxc3 Rd1+ 36. Bf1 a2 37. Rxc6 Rxf1+ 38. Kxf1 a1=Q+ 0-1

[Event "Bayerische Einzelmeisterschaft 2011"]
[Site "Regensburg"]
[Date "2011.08.27"]
[Round "8.12"]
[White "Heimrath, Reiner"]
[Black "Lipok, Christoph"]
[Result "0-1"]
[WhiteElo "2309"]
[BlackElo "2175"]
[PlyCount "72"]
[EventDate "2011.??.??"]
[WhiteTeam "SC Noris-Tarrasch Nürnberg 1873"]
[BlackTeam "Spgem Kötz/Ichenhausen"]

1. d4 d5 2. Nf3 Nf6 3. e3 Bf5 4. Nbd2 Nbd7 5. b3 e6 6. Bb2 h6 7. Be2 Be7 8. O-O
O-O 9. c4 Bh7 10. Rc1 a5 11. a3 c6 12. Re1 Bd6 13. Ne5 Qe7 14. c5 Bc7 15. f4
Nxe5 16. dxe5 Nd7 17. b4 f6 18. exf6 gxf6 19. Bg4 f5 20. Bh3 e5 21. e4 dxe4 22.
Nxe4 fxe4 23. Bxd7 Rxf4 24. Qb3+ Kh8 25. Rcd1 Rd8 26. Be6 a4 27. Qg3 Rff8 28.
Rd6 Bxd6 29. cxd6 Qxe6 30. Bxe5+ Rf6 31. Rf1 Bf5 32. Qf4 Kh7 33. g4 Rg6 34. h3
Bxg4 35. Kh2 Bf3 36. Rf2 Rdg8 0-1

[Event "Bayerische Einzelmeisterschaft 2011"]
[Site "Regensburg"]
[Date "2011.08.27"]
[Round "8.13"]
[White "Stöver, Leon"]
[Black "Graf, Christian"]
[Result "0-1"]
[WhiteElo "1919"]
[BlackElo "2121"]
[PlyCount "46"]
[EventDate "2011.??.??"]
[WhiteTeam "TuS Geretsried"]
[BlackTeam "SGem Pang/Rosenheim"]

1. e4 c6 2. d3 d5 3. Nd2 e5 4. Ngf3 Bd6 5. g3 Ne7 6. Bg2 O-O 7. O-O Ng6 8. c3
Na6 9. d4 exd4 10. Nxd4 dxe4 11. Nxe4 Be7 12. Qh5 Qb6 13. g4 Nc5 14. Kh1 Nxe4
15. Bxe4 Re8 16. Nf5 Bf8 17. Ng3 Qc5 18. Bg5 Be6 19. f4 Bd5 20. Rae1 Rxe4 21.
Nxe4 Re8 22. f5 Rxe4 23. fxg6 Rxe1# 0-1

[Event "Bayerische Einzelmeisterschaft 2011"]
[Site "Regensburg"]
[Date "2011.08.27"]
[Round "8.14"]
[White "Kretschel, Klaus"]
[Black "Dauer, Christina"]
[Result "1-0"]
[WhiteElo "2103"]
[BlackElo "1896"]
[PlyCount "153"]
[EventDate "2011.??.??"]
[WhiteTeam "SC Unterpfaffenhofen"]
[BlackTeam "Spgem Kötz/Ichenhausen"]

1. c4 e5 2. Nc3 Nf6 3. g3 c6 4. Nf3 e4 5. Nd4 d5 6. cxd5 cxd5 7. Bg2 a6 8. d3
Bc5 9. Nb3 Ba7 10. dxe4 d4 11. Nd5 Nc6 12. O-O Ng4 13. Bf4 O-O 14. Rc1 Be6 15.
Nc5 Bxc5 16. Rxc5 Rc8 17. Qd2 b6 18. Rc2 f5 19. Bg5 Qd6 20. Rxc6 Rxc6 21. Ne7+
Kh8 22. Nxc6 Qxc6 23. Qxd4 Qb5 24. h3 Ne5 25. a4 Qc5 26. Qxc5 bxc5 27. exf5
Bxf5 28. Rc1 c4 29. f4 Nd7 30. Rxc4 h6 31. Bh4 Rb8 32. g4 Bh7 33. Rd4 Nc5 34.
f5 Bg8 35. b4 Nxa4 36. Rd8 Rxd8 37. Bxd8 Bc4 38. e4 Bb5 39. e5 Nb2 40. f6 gxf6
41. Bxf6+ Kg8 42. Be7 Kf7 43. Bd6 Bc4 44. Be4 Nd1 45. Kg2 Nc3 46. Bf5 Nb5 47.
Bc5 Nc7 48. Kg3 Ne6 49. Be3 Kg7 50. Kh4 Nd8 51. Bd7 Kg6 52. Bb6 Ne6 53. Be8+
Kg7 54. Be3 Nc7 55. Bd7 Kg6 56. Bf5+ Kg7 57. g5 hxg5+ 58. Kxg5 Ne6+ 59. Kg4
Be2+ 60. Kg3 Nc7 61. Bd2 Kf7 62. h4 Ne8 63. Bg4 Bb5 64. h5 Kg7 65. Bf5 Kh8 66.
h6 Nc7 67. Bg5 Nd5 68. Bg6 Bd7 69. Bf6+ Nxf6 70. exf6 Be6 71. Kf4 Bc4 72. Ke5
Kg8 73. Kd6 Bb3 74. Ke7 Kh8 75. f7 Bxf7 76. Kxf7 a5 77. b5 1-0

[Event "Bayerische Einzelmeisterschaft 2011"]
[Site "Regensburg"]
[Date "2011.08.28"]
[Round "9.1"]
[White "Reich, Thomas"]
[Black "Zill, Christoph"]
[Result "1-0"]
[WhiteElo "2391"]
[BlackElo "2271"]
[PlyCount "139"]
[EventDate "2011.??.??"]
[WhiteTeam "FC Bayern München e.V."]
[BlackTeam "SK Freising"]

1. d4 e6 2. e4 d5 3. exd5 exd5 4. c4 Bb4+ 5. Nc3 Ne7 6. Bd3 dxc4 7. Bxc4 O-O 8.
Nf3 Bg4 9. O-O Nbc6 10. Be3 Nf5 11. Qd3 Nd6 12. Bg5 Bf5 13. Qd1 Qc8 14. Bb3
Bxc3 15. bxc3 Ne4 16. d5 Nxg5 17. Nxg5 Na5 18. Rc1 Nxb3 19. axb3 h6 20. Nf3 Bg4
21. h3 Bxf3 22. Qxf3 Re8 23. c4 -- 24. Rfe1 Rxe1+ 25. Rxe1 Qd7 26. Qf4 a5 27.
Re3 a4 28. bxa4 Rxa4 29. Rg3 Ra6 30. Qd4 Rg6 31. Rxg6 fxg6 32. c5 b6 33. cxb6
cxb6 34. Qxb6 Qxd5 35. Qxg6 Qe5 36. g3 Qe1+ 37. Kg2 Qe5 38. Qd3 Kh8 39. Qf3 Kg8
40. g4 Qd4 41. Qf5 Qd8 42. Kg3 Qd6+ 43. Qf4 Qd3+ 44. Qe3 Qd6+ 45. Kg2 Qd5+ 46.
Kh2 Qd6+ 47. Qg3 Qd5 48. h4 g6 49. Qe3 Qd6+ 50. Kg2 Kg7 51. Qe4 Qf6 52. Qb7+
Kg8 53. Qc8+ Kg7 54. Qc7+ Kg8 55. Kg3 Qe6 56. Qd8+ Kg7 57. Qd4+ Kg8 58. Qc5 Kg7
59. h5 gxh5 60. Qxh5 Qd6+ 61. Kg2 Qc6+ 62. f3 Qc2+ 63. Kg3 Qc3 64. Qe8 Qc7+ 65.
f4 Qc3+ 66. Kh4 Qf3 67. Qd7+ Kg8 68. Kh5 Qxf4 69. Qe8+ Kg7 70. Qg6+ 1-0

[Event "Bayerische Einzelmeisterschaft 2011"]
[Site "Regensburg"]
[Date "2011.08.28"]
[Round "9.2"]
[White "Wagner, Florian"]
[Black "Lentrodt, Thomas"]
[Result "1/2-1/2"]
[WhiteElo "2253"]
[BlackElo "2307"]
[PlyCount "150"]
[EventDate "2011.??.??"]
[WhiteTeam "SC Noris-Tarrasch Nürnberg 1873"]
[BlackTeam "FC Bayern München e.V."]

1. f4 d5 2. Nf3 Nf6 3. b3 g6 4. Bb2 Bg7 5. e3 O-O 6. Be2 c5 7. O-O Nc6 8. Bb5
Qb6 9. Bxc6 Qxc6 10. Ne5 Qc7 11. Nc3 Bd7 12. Qe2 Rad8 13. Rae1 a6 14. a3 Bc6
15. Nd1 e6 16. d3 Ne8 17. Nf2 f6 18. Nxc6 Qxc6 19. e4 d4 20. f5 Nc7 21. Qg4 Qe8
22. Bc1 Qf7 23. Qg3 g5 24. h4 h6 25. hxg5 hxg5 26. Ng4 e5 27. Nxe5 fxe5 28.
Bxg5 Rd7 29. f6 Qg6 30. Qxe5 Re8 31. Qg3 Ne6 32. Rf5 Bh6 33. Bh4 Qxg3 34. Bxg3
Kf7 35. Bh4 Rg8 36. Kf2 Bg5 37. Bxg5 Rxg5 38. Rf3 Rd8 39. Rh1 Nf8 40. Rh4 Rd6
41. Rh8 Re6 42. Rf5 Rxf5+ 43. exf5 Rxf6 44. g4 Kg7 45. Rh1 Rf7 46. Re1 Nd7 47.
Kg3 Nf6 48. Re5 b6 49. g5 Nd7 50. Rd5 Kf8 51. Kf4 Ke7 52. g6 Rf8 53. Kg5 Rh8
54. f6+ Nxf6 55. Re5+ Kd6 56. Kxf6 Rf8+ 57. Kg7 Rf2 58. Rh5 Ke7 59. Re5+ Kd6
60. Re4 Rxc2 61. Kg8 Rd2 62. g7 Rxd3 63. Kf7 Rf3+ 64. Kg6 Rg3+ 65. Kf6 Rxg7 66.
Kxg7 Kd5 67. Re8 d3 68. Kf6 Kd4 69. Re6 b5 70. Rxa6 c4 71. bxc4 bxc4 72. Rd6+
Ke3 73. Re6+ Kd4 74. Rd6+ Ke3 75. Re6+ Kd4 1/2-1/2

[Event "Bayerische Einzelmeisterschaft 2011"]
[Site "Regensburg"]
[Date "2011.08.28"]
[Round "9.3"]
[White "Pohl-Kuemmel, Jens-Uwe"]
[Black "Gießmann, Stephan"]
[Result "1-0"]
[WhiteElo "2287"]
[BlackElo "2237"]
[PlyCount "69"]
[EventDate "2011.??.??"]
[WhiteTeam "TSV Wacker Neutraubling"]
[BlackTeam "SK Kelheim 1920"]

1. d4 d5 2. c4 dxc4 3. Nf3 Nf6 4. e3 Bg4 5. Bxc4 e6 6. O-O Nbd7 7. h3 Bh5 8.
Nc3 Bd6 9. e4 e5 10. Be3 O-O 11. Be2 exd4 12. Nxd4 Bxe2 13. Qxe2 Re8 14. Qc2
Nc5 15. f3 Ne6 16. Nf5 g6 17. Nxd6 Qxd6 18. Rad1 Qg3 19. Qf2 Qxf2+ 20. Rxf2 a6
21. Rfd2 Kg7 22. e5 Ng8 23. f4 Rad8 24. Nd5 c6 25. Nc7 Rxd2 26. Nxe8+ Kf8 27.
Rxd2 Kxe8 28. g4 Ne7 29. Kf2 Nd5 30. Kf3 Ng7 31. Ke4 h6 32. Rf2 Kd7 33. f5 g5
34. Bc5 b6 35. Bf8 1-0

[Event "Bayerische Einzelmeisterschaft 2011"]
[Site "Regensburg"]
[Date "2011.08.28"]
[Round "9.4"]
[White "Nuber, Korbinian"]
[Black "Singer, Christoph"]
[Result "1-0"]
[WhiteElo "2245"]
[BlackElo "2380"]
[PlyCount "89"]
[EventDate "2011.??.??"]
[WhiteTeam "SC Dillingen"]
[BlackTeam "SC Tarrasch 45 München"]

1. e4 e5 2. Nf3 Nc6 3. Bb5 a6 4. Bxc6 dxc6 5. O-O Bg4 6. h3 Bh5 7. g4 Bg6 8.
Nxe5 Qh4 9. Qf3 f6 10. Nxg6 hxg6 11. Kg2 O-O-O 12. d3 Bd6 13. Rh1 g5 14. Be3
Ne7 15. Nd2 Kb8 16. Nc4 Ng6 17. a4 Qh7 18. Kf1 Nh4 19. Qe2 g6 20. Nxd6 cxd6 21.
f3 Qe7 22. Bf2 Qe5 23. c3 Qf4 24. Bxh4 gxh4 25. Re1 f5 26. Qe3 Qg3 27. f4 fxg4
28. Qxg3 hxg3 29. Kg2 gxh3+ 30. Rxh3 Rxh3 31. Kxh3 Rh8+ 32. Kxg3 Kc7 33. Re2
Rh1 34. Rh2 Rg1+ 35. Rg2 Ra1 36. Kf3 Rxa4 37. Rxg6 Ra2 38. Rg2 b5 39. d4 a5 40.
e5 dxe5 41. dxe5 a4 42. f5 a3 43. bxa3 Rxa3 44. f6 Kd7 45. Rg7+ 1-0

[Event "Bayerische Einzelmeisterschaft 2011"]
[Site "Regensburg"]
[Date "2011.08.28"]
[Round "9.5"]
[White "Krauß, Josef"]
[Black "Fedorovsky, Michael"]
[Result "1/2-1/2"]
[WhiteElo "2160"]
[BlackElo "2416"]
[PlyCount "34"]
[EventDate "2011.??.??"]
[WhiteTeam "SV Würzburg von 1865 e.V."]
[BlackTeam "SC Tarrasch 45 München"]

1. e4 c5 2. c3 d5 3. exd5 Qxd5 4. d4 Nf6 5. Nf3 Bg4 6. dxc5 Qxd1+ 7. Kxd1 e5 8.
b4 e4 9. h3 Bh5 10. g4 Nxg4 11. hxg4 Bxg4 12. Nbd2 exf3 13. Bd3 Nc6 14. Re1+
Be7 15. Nc4 Kf8 16. Kc2 Bf6 17. Bf4 g5 1/2-1/2

[Event "Bayerische Einzelmeisterschaft 2011"]
[Site "Regensburg"]
[Date "2011.08.28"]
[Round "9.6"]
[White "Schmid, Roland"]
[Black "Lederle, Vitus"]
[Result "1-0"]
[WhiteElo "2189"]
[BlackElo "2214"]
[PlyCount "109"]
[EventDate "2011.??.??"]
[WhiteTeam "TSV Wacker Neutraubling"]
[BlackTeam "SC Dillingen"]

1. Nf3 Nf6 2. c4 e6 3. g3 a6 4. Bg2 b5 5. b3 Bb7 6. O-O Be7 7. Bb2 c5 8. Qc2 d6
9. d3 Nc6 10. Nbd2 O-O 11. Rac1 Qb6 12. e3 Rac8 13. Qb1 Rfd8 14. d4 Nd7 15. d5
exd5 16. cxd5 Nb4 17. e4 a5 18. a3 Na6 19. Bh3 Rb8 20. Rfe1 Bf6 21. Bxd7 Bxb2
22. Qxb2 Rxd7 23. Nf1 Re7 24. Ne3 Bc8 25. Nh4 f6 26. Nef5 Bxf5 27. Nxf5 Rc7 28.
Qd2 Re8 29. Kg2 Nb8 30. Qf4 Re5 31. Rc2 Nd7 32. Qc1 Ra7 33. Qb1 Ra8 34. Rce2 g6
35. Nh6+ Kg7 36. Ng4 Rg5 37. h3 h5 38. Nxf6 Kxf6 39. f4 Re5 40. fxe5+ Nxe5 41.
Rf1+ Kg7 42. Ref2 Ra7 43. Rf6 Re7 44. Qb2 c4 45. bxc4 Qe3 46. Rxd6 Qxe4+ 47.
Kh2 h4 48. Qf2 hxg3+ 49. Kxg3 Nd7 50. Re6 Rxe6 51. Qf7+ Kh6 52. dxe6 Qe3+ 53.
Kg2 Qe4+ 54. Kh2 Ne5 55. Qf4+ 1-0

[Event "Bayerische Einzelmeisterschaft 2011"]
[Site "Regensburg"]
[Date "2011.08.28"]
[Round "9.7"]
[White "Schatz, Christian"]
[Black "Shashkin, Igor"]
[Result "1-0"]
[WhiteElo "2204"]
[BlackElo "2099"]
[PlyCount "55"]
[EventDate "2011.??.??"]
[WhiteTeam "SK Schwanstetten 79 e.V."]
[BlackTeam "PTSV SK Hof 1892"]

1. Nf3 Nf6 2. c4 g6 3. Nc3 d5 4. d4 Bg7 5. Bg5 Ne4 6. Bh4 Nxc3 7. bxc3 c5 8. e3
cxd4 9. cxd4 Nc6 10. Be2 Qa5+ 11. Qd2 Qxd2+ 12. Kxd2 e5 13. cxd5 exd4 14. dxc6
dxe3+ 15. Kxe3 Bxa1 16. Bb5 O-O 17. Rxa1 f6 18. Nd4 bxc6 19. Bxc6 Rb8 20. Bg3
Rb6 21. Bc7 Ra6 22. a4 f5 23. Bb5 f4+ 24. Kd2 Kf7 25. Rc1 Ke7 26. Be5 Rb6 27.
Rc7+ Kd8 28. Rxh7 1-0

[Event "Bayerische Einzelmeisterschaft 2011"]
[Site "Regensburg"]
[Date "2011.08.28"]
[Round "9.9"]
[White "Graf, Christian"]
[Black "Golda, Harald"]
[Result "1/2-1/2"]
[WhiteElo "2121"]
[BlackElo "2334"]
[PlyCount "59"]
[EventDate "2011.??.??"]
[WhiteTeam "SGem Pang/Rosenheim"]
[BlackTeam "Schachklub Schweinfurt 2000 e.V."]

1. e4 c5 2. Nf3 d6 3. Bb5+ Nd7 4. O-O a6 5. Bxd7+ Bxd7 6. d4 cxd4 7. Nxd4 Nf6
8. f3 e6 9. a4 Be7 10. c4 O-O 11. Nc3 e5 12. Nc2 Rc8 13. Ne3 g6 14. Kh1 Re8 15.
b3 b5 16. axb5 axb5 17. Nxb5 Bxb5 18. cxb5 Qb6 19. Nc4 Qxb5 20. Bh6 Red8 21.
Qc2 Ne8 22. Be3 Ng7 23. Rfd1 Ne6 24. Rd5 Nc5 25. Bxc5 Rxc5 26. Rad1 Rxd5 27.
Rxd5 Qb4 28. Rd1 Rb8 29. Rb1 Ra8 30. g3 1/2-1/2

[Event "Bayerische Einzelmeisterschaft 2011"]
[Site "Regensburg"]
[Date "2011.08.28"]
[Round "9.11"]
[White "Schindler, Viktor"]
[Black "Miskevicer, Boris"]
[Result "0-1"]
[WhiteElo "2168"]
[BlackElo "2187"]
[PlyCount "82"]
[EventDate "2011.??.??"]
[WhiteTeam "PTSV SK Hof 1892"]
[BlackTeam "SG Schwabing München Nord e.V."]

1. e4 c5 2. Nc3 d6 3. f4 Nc6 4. Nf3 g6 5. Bc4 Bg7 6. O-O e6 7. f5 Nh6 8. d3 Ng4
9. h3 Nge5 10. fxe6 Bxe6 11. Bxe6 fxe6 12. Nxe5 Nxe5 13. Ne2 Qd7 14. c3 O-O-O
15. d4 cxd4 16. cxd4 Nc6 17. d5 exd5 18. exd5 Ne5 19. Nd4 Rhf8 20. Bf4 Kb8 21.
Qb3 Ka8 22. Nb5 a6 23. a4 Rc8 24. Qe3 Rc5 25. Nc3 Rfc8 26. Qg3 Rc4 27. Rad1 Rb4
28. Bc1 Nc4 29. Ne4 Be5 30. Qf3 Nxb2 31. Bxb2 Rxb2 32. a5 Rcc2 33. Qf8+ Ka7 34.
Rf2 Rxf2 35. Nxf2 Qa4 36. Qf3 Bd4 37. Rf1 Qc2 38. g4 Bxf2+ 39. Rxf2 Qxf2+ 40.
Qxf2+ Rxf2 41. Kxf2 b6 0-1

[Event "Bayerische Einzelmeisterschaft 2011"]
[Site "Regensburg"]
[Date "2011.08.28"]
[Round "9.12"]
[White "Dauer, Christina"]
[Black "Niemetz, Alexander"]
[Result "1/2-1/2"]
[WhiteElo "1896"]
[BlackElo "2013"]
[PlyCount "45"]
[EventDate "2011.??.??"]
[WhiteTeam "Spgem Kötz/Ichenhausen"]
[BlackTeam "SC Hollfeld 1960 e.V."]

1. e4 e6 2. d4 d5 3. e5 c5 4. c3 Nc6 5. Nf3 Bd7 6. a3 f6 7. exf6 Nxf6 8. b4
cxd4 9. cxd4 Bd6 10. Bd3 Rc8 11. Bb2 O-O 12. O-O Ng4 13. h3 Nf6 14. Nbd2 Nh5
15. Ne5 Nf4 16. Bb1 Nxe5 17. dxe5 Bc7 18. Nf3 Bb6 19. a4 a6 20. Kh2 Qe8 21. Nd4
Ng6 22. Qh5 Rf4 23. Nf3 1/2-1/2

[Event "Bayerische Einzelmeisterschaft 2011"]
[Site "Regensburg"]
[Date "2011.08.28"]
[Round "9.13"]
[White "Heiduczek, Josef"]
[Black "Stöver, Leon"]
[Result "1-0"]
[WhiteElo "2199"]
[BlackElo "1919"]
[PlyCount "59"]
[EventDate "2011.??.??"]
[WhiteTeam "SC Rottal"]
[BlackTeam "TuS Geretsried"]

1. e4 e6 2. d4 d5 3. Nc3 Bb4 4. e5 c5 5. a3 cxd4 6. axb4 dxc3 7. bxc3 Qc7 8.
Nf3 Qxc3+ 9. Bd2 Qc7 10. Bd3 Nc6 11. Qe2 Nge7 12. O-O Nf5 13. b5 Ncd4 14. Nxd4
Nxd4 15. Qg4 Qxe5 16. Rfe1 h5 17. Qh4 g5 18. Rxe5 gxh4 19. Bc3 f6 20. Re3 Nxc2
21. Bxc2 Kf7 22. Rf3 Rh6 23. b6 a6 24. Ba4 Ke7 25. Rc1 Bd7 26. Bb4+ Kd8 27.
Bxd7 Kxd7 28. Rc7+ Kd8 29. Be7+ Ke8 30. Bxf6 1-0

[Event "Bayerische Einzelmeisterschaft 2011"]
[Site "Regensburg"]
[Date "2011.08.28"]
[Round "9.14"]
[White "Hornung, Hans"]
[Black "Kretschel, Klaus"]
[Result "1-0"]
[WhiteElo "2158"]
[BlackElo "2103"]
[PlyCount "73"]
[EventDate "2011.??.??"]
[WhiteTeam "SK Klosterlechfeld"]
[BlackTeam "SC Unterpfaffenhofen"]

1. Nf3 Nf6 2. c4 c5 3. Nc3 d5 4. cxd5 Nxd5 5. d4 Nxc3 6. bxc3 g6 7. e3 Bg7 8.
Bd3 O-O 9. O-O Nc6 10. Rb1 cxd4 11. cxd4 Rb8 12. h3 Qd6 13. Qa4 Bd7 14. Ba3 Qc7
15. Rfc1 Qd8 16. Qc2 Re8 17. d5 Ne5 18. Nxe5 Bxe5 19. f4 Bd6 20. Bb2 Qa5 21.
Bc4 Rec8 22. Qd3 f6 23. Kh1 b5 24. Bb3 Rxc1+ 25. Rxc1 Rc8 26. Rf1 Kg7 27. e4
Ba3 28. Bd4 Rc1 29. e5 Qb4 30. Rxc1 Bxc1 31. Qe4 a5 32. d6 Bf5 33. exf6+ Kh6
34. f7 Bxe4 35. f8=Q+ Kh5 36. Bd1+ Kh4 37. Bf2# 1-0